Statistiken für Liedtext - Die Kakteen - Zehn Mark Fünfzig

Klicken Sie hier um das Quiz zu spielen!

Allgemein

  • Dieses Quiz wurde 14 mal gespielt
  • Das Durchschnittsergebnis liegt bei 112 aus 235

Antwortstatistiken

Antwort% Korrekt
5
100%
Mark
100%
Zehn
100%
den
92%
Du
92%
du
92%
Fünfzig
92%
ich
92%
da
83%
Die
83%
die
83%
Ein
83%
ein
83%
es
83%
und
83%
Und
83%
das
75%
ist
75%
nicht
75%
dem
67%
eine
67%
für
67%
mein
67%
nur
67%
Nur
67%
sie
67%
Wer
67%
wir
67%
bist
58%
der
58%
Der
58%
dich
58%
dir
58%
hab
58%
im
58%
in
58%
Leben
58%
mich
58%
mich,
58%
sind,
58%
uns
58%
auf
50%
hätt
50%
Ja,
50%
ja
50%
kleiner
50%
mit
50%
noch
50%
Oh,
50%
zwei,
50%
zwei
50%
bezahlen
42%
dass
42%
Deine
42%
denn
42%
ins
42%
Konnt
42%
Konnt'
42%
ohne
42%
wegen
42%
weiß
42%
Affen
33%
gute
33%
haariger
33%
liebt
33%
Macht
33%
mehr
33%
sagen,
33%
sich
33%
Taxifahrer
33%
tun
33%
weh
33%
Weil
33%
Zoo
33%
Affengehege
25%
Bastard
25%
bloß
25%
doch
25%
drin
25%
gehen
25%
gemacht
25%
Hör
25%
jeden
25%
jeder
25%
keinem
25%
kleinen
25%
komm
25%
letzte
25%
nette
25%
nochmal
25%
Preis
25%
Rechnung
25%
schauen
25%
scheiß
25%
Tag
25%
Tag,
25%
überdacht
25%
Wassereis
25%
Wildlederportemonnaie
25%
wird
25%
wolltest
25%
zieht
25%
Ast
17%
Bananen
17%
Diese
17%
gebracht,
17%
Gewehr
17%
Idee
17%
Kuscheltier
17%
Lust
17%
nen
17%
netter
17%
oben
17%
Oho
17%
Pack
17%
packt
17%
Sachen,
17%
sagt,
17%
Spast
17%
Tiere
17%
Wildlederportemonnaie
17%
witzig
17%
Zehner
17%
Äffchen
8%
bohrten
8%
Couvert
8%
deren
8%
fällt
8%
Finger
8%
herein
8%
kennenlernt,
8%
Kohle
8%
Konto
8%
Kulleraugen,
8%
mag
8%
nächste
8%
putzig
8%
süße
8%
täuschen
8%
voll,
8%
voller
8%
wirklich
8%
Zoobesuch
8%

Verteilung der Resultate

Perzentil nach korrekt beantworteten Fragen

Anzahl Personen mit jedem Resultat

Ihre Resultats-Entwicklung

Sie haben dieses Quiz noch nicht gespielt